| 000 | 00336nam a22001337a 4500 | ||
|---|---|---|---|
| 020 | _a978-8187253389 | ||
| 041 | _aENG | ||
| 100 | _aSinghal. O.P | ||
| 245 | _aNulmerical Problems In Agriculture Engineering | ||
| 260 |
_aDelhi _bAman Pub House _c2011 |
||
| 300 | _a279 | ||
| 650 | _aCompetitlve Exam | ||
| 856 | _uCompetitlve Exam ( 36 ) | ||
| 999 |
_c907 _d907 |
||